000 00649nam a2200241 a 4500
001 0001-1200
003 ELIB.Books
008 150514 2010 eng
020 _a9780817017101
035 _a(ELIB.Books)0001-1355
092 _a253
_bGil
100 _aGillies, Susan E.
245 _aEmpowering Laity, Engaging Leaders:
_bTapping the Root for Ministry
260 _aValley Forge
_bJudson Press
_c2012
300 _a140
_c21.5 Cm
500 _aC/o Moe Lwei
650 _aPastoral Theology
856 _nKBTS: Library
_uKBTS: Elib
942 _2ddc
_cBK
990 _a1
998 _cbat
_e2015-05-14
999 _c11200
_d11200